| 000 | 01359nam0a2200337 4500 | ||
|---|---|---|---|
| 001 | RU\NLR\bibl\1326792 | ||
| 005 | 20250615162615.0 | ||
| 021 |
_aRU _b2008-99066 _95817 |
||
| 035 | _a(NLR Aleph) 001312075 | ||
| 090 |
_a685872 _c685872 |
||
| 100 | _a20090209d2008 |||y0rusy50 ca | ||
| 101 | 1 |
_arus _cund |
|
| 102 | _aRU | ||
| 105 | _aa ||||||||| | ||
| 200 | 1 |
_aВсе о беременности: день за днем _dYour pregnancy month-by-month _eпрактическое пособие для будущих мам _fПитер Сандерс _g[пер. А. Озерова] _zeng |
|
| 210 |
_aМосква _cЭксмо _d2008 |
||
| 215 |
_a583,[1] с. _cил. _d21 |
||
| 225 | 1 | _aНастольная книга для будущих мам | |
| 300 | _aАвт. также на англ. яз.: P. Saunders | ||
| 300 | _aНа 4-й с. обл. авт.: д-р П. Сандерс - акушер-гинеколог | ||
| 510 | 1 |
_6z20790 _aYour pregnancy month-by-month _zeng |
|
| 606 | 1 |
_aБеременность _jПопулярные издания _9904409 _3RU\NLR\auth\669377 |
|
| 686 | _aР716.11я9 | ||
| 700 | 1 |
_aСандерс _bП. _gПитер _4070 |
|
| 790 | 1 |
_6z20510 _aSaunders _bP. _gPeter _4070 |
|
| 801 | 0 |
_aRU _bNLR _c20090209 _gRCR |
|
| 801 | 1 |
_aRU _bNLR _c20090209 |
|
| 830 | _aпо кн | ||
| 942 | _cBOOK | ||
| 980 | _aNB | ||